000 00401nam a2200181Ia 4500
001 2092
005 20260306143817.0
008 260306t2007||||xx |||||||||||||| ||spa||
041 _aESP
082 _a612.8
_bG45
100 _aGil, Roger
_eAUT
245 0 _aNeuropsicologĂ­a
260 _c2007
300 _a407 páginas :
_c21 cm.
650 _aGEN
654 _aCPS
942 _cLIB
_dJUS
_fJUS
_2ddc
_n
999 _c2092
_d2092